| 000 -ლიდერი |
| ფიქსირებული სიგრძის საკონტროლო ველი |
02147nam a2200277Ia 4500 |
| 001 - საკონტროლო ნომერი |
| საკონტროლო ველი |
3734 |
| 003 - საკონტროლო ნომრის იდენტიფიკატორი |
| საკონტროლო ველი |
GE_BSU |
| 005 - ბოლო ოპერაციის თარიღი და დრო |
| საკონტროლო ველი |
20190805174913.0 |
| 008 - ფიქსირებული სიგრძის მონაცემთა ელემენტები - ზოგადი ინფორმაცია |
| ფიქსირებული სიგრძის საკონტროლო ველი |
181216s1969||||ge |||||||||||||| ||geo|| |
| 040 ## - კატალოგიზაციის წყარო |
| Transcribing agency |
GE_BSU |
| 041 ## - ენის კოდი |
| Language code of text/sound track or separate title |
geo |
| 080 ## - უნივერსალური ათობითი კლასიფიკაციის ინდექსი |
| Universal Decimal Classification number |
39(479.22)+398(479.22) |
| 245 ## - ცნობა სათაურის შესახებ |
| Title |
თედო სახოკია : |
| Remainder of title |
შრომათა კრებული [ეთნოგრაფიის, ლექსიკოლოგიის და ფოლკლორის დარგში. აგრეთვე: მოგონებანი თედო სახოკიაზე / |
| Statement of responsibility, etc |
სარედ. კოლეგია: გ. ჩიტაია (პ.მგ. რედ.), ა. აფაქიძე, შ. მესხია და სხვ.] ; საქართველოს ისტორიის, არქეოლოგიის, ეთნოგრაფიისა და ფოლკლორის სამეცნ. საზ-ბა. |
| 264 ## - წარმოების, გამოცემის, დისტრიბუციის და სხვა ცნობები |
| გამოცემის, წარმოების, დისტრიბუციის... ადგილი |
თბილისი : |
| გამოცემის, წარმოების, დისტრიბუციის... სახელწოდება |
მეცნიერება, |
| გამოცემის, წარმოების, დისტრიბუციის... თარიღი |
1969. |
| 300 ## - ფიზიკური აღწერა |
| Extent |
294 გვ.; |
| Other physical details |
22 სმ. |
| 504 ## - BIBLIOGRAPHY, ETC. NOTE |
| Bibliography, etc |
თ. სახოკიას ნაწერების ბიბლიოგრ: 246-296.-აგრეთვე; თედო სახოკია, ლ. აზულაი ქართული ენის ფონეტიკა. |
| 600 ## - SUBJECT ADDED ENTRY--PERSONAL NAME |
| Personal name |
სახოკია თედო (1868-1956) |
| 9 (RLIN) |
3401 |
| 653 ## - INDEX TERM--UNCONTROLLED |
| Uncontrolled term |
ქართველი ეთნოგრაფები |
| 653 ## - INDEX TERM--UNCONTROLLED |
| Uncontrolled term |
ქართველების ეთნოგრაფია |
| 653 ## - INDEX TERM--UNCONTROLLED |
| Uncontrolled term |
ქართული ფოლკლორი; ენათმეცნიერება. |
| 700 ## - ADDED ENTRY--PERSONAL NAME |
| Personal name |
ჩიტაია, გ. |
| Relator term |
რედაქტორი |
| 9 (RLIN) |
3402 |
| 700 ## - ADDED ENTRY--PERSONAL NAME |
| Personal name |
აფაქიძე, ა |
| Relator term |
რედაქტორი |
| 9 (RLIN) |
3403 |
| 700 ## - ADDED ENTRY--PERSONAL NAME |
| Personal name |
მესხია, შ. |
| Relator term |
რედაქტორი |
| 9 (RLIN) |
3404 |
| 711 ## - ADDED ENTRY--MEETING NAME |
| Meeting name or jurisdiction name as entry element |
საქართველოს ისტორიის, არქეოლოგიის, ეთნოგრაფიისა და ფოლკლორის სამეცნ. საზ-ბა. |
| 9 (RLIN) |
3405 |
| 942 ## - ADDED ENTRY ELEMENTS (KOHA) |
| Koha item type |
წიგნი |
| Source of classification or shelving scheme |
|